Suomalaiset mepit 2024 - Statistics

Yleistilastot
  • Tätä visaa on pelattu 34 kertaa
  • Keskiarvotulos 10 / 15
Vastaustilastot
Puolue Vastaus % Oikein
Vasemmistoliitto Li Andersson
100%
RKP Anna-Maja Henriksson
85%
Perussuomalaiset Sebastian Tynkkynen
81%
Kokoomus Henna Virkkunen
78%
Vasemmistoliitto Jussi Saramo
78%
Vihreät Maria Ohisalo
70%
Vihreät Ville Niinistö
67%
Keskusta Katri Kulmuni
63%
SDP Eero Heinäluoma
59%
Kokoomus Pekka Toveri
59%
Kokoomus Aura Salla
56%
Vasemmistoliitto Merja Kyllönen
56%
Kokoomus Mika Aaltola
52%
SDP Maria Guzenina
44%
Keskusta Elsi Katainen
41%
Ehtoja vastaavia visoja ei löytynyt
Tulosjakauma
Jokaisen tuloksen saaneiden osuus
Persentiili vastausten määrän mukaan
Tuloshistoriasi
Et ole pelannut tätä visaa